| 000 | 00645nam a2200205 i 4500 | ||
|---|---|---|---|
| 001 | bgj | ||
| 100 | 1 | _aWALKER, Barbara J. | |
| 245 | 1 | 0 |
_aDiagnostic teaching of reading : _btechniques for instruction and assessment / _cBarbara J. Walker. |
| 260 |
_aNew York [etc.] : _bMacmillan Publ., _ccop. 1988. |
||
| 300 |
_aXIV, 289 pp : _bfig. ; _c24 cm. |
||
| 504 | _aBibliography p. 271-279. | ||
| 505 | _aIncl. index. | ||
| 650 | 9 |
_aReading |(Higher education) _xStudy and teaching |
|
| 020 | _a0675206154 (pbk) | ||
| 040 | _cBPK | ||
| 041 | 0 | _aeng | |
| 920 | _a0-675-20615-4 (pbk) | ||
| 942 | _cKS | ||
| 008 | s uk f |000 0 eng | ||
| 999 |
_c47284 _d47284 |
||
| 856 |
_uhttp://koha.tu.koszalin.pl/cgi-bin/koha/opac-detail.pl?biblionumber=47284 _yKatalog online BPK |
||